00309nam a2200133Ia 4500008004100000041000800041082001800049100002300067245002200090250000600112260003800118300001000156650000900166210716s1986 xx 000 0 und d aeng a005.3001 WILR aWilliam, Robert E. aManual: wordstar. a1 aNew DelhibBPB Publicationsc1986 ax,201 aNone